1707 1870 1524 1315 1889 1435 1033 1595 1297 1099 1476 1620 1223 1003 1728 1717 1056 1683 1016 1143 1790 1285 1473 1389 1040 1796 1058 1478 1547 1463 1768 1709 1767 1405 1390 1688 1127 1003 1853 1370 1881 1410 1582 1222 1369 1402 1865 1961 1502 1414 1914 1072 1074 1641 1468 1820 1176 1288 1117 1886 1194 1623 1399 1691 1949 1793 1207 1903 1941 1208 1554 1757 1258 1488 1554 1861 1662 1808 1066 1962 1605 1877 1620 1094 1322 1970 1331 1606 1771 1965 1468 1072 1308 1190 1380 1389 1908 1797 1045 BCNSPRNW ULIB Ver.6.0+V

เปลี่ยนเป็นภาษาไทย

Change to English
 แสดงรายละเอียดบรรณานุกรม
  กลับหน้าหลัก

Brief Record : Get Marc (ISO 2709) : E-mail record : QR code < ปิดหน้าต่าง
LEADER : 00000nam 2200000uu 4500
001    13399112177
003     ULIB
008    110729s2553||||th 000 0 tha d
050 04 HD8039^bส181ว 2553
110 1  สถาบันพระบรมราชชนก
245 10 วิจัยชีวิตชาวประมงบ้านแหลม จังหวัดตรัง/^cสถาบันพระบรมราชชนก
260    นนทบุรี :^bสถาบันพระบรมราชชนก,^c2553
300    69 หน้า
650  7 ชาวประมง^xตรัง^xวิจัย
945    ^p0^l0^i029135
945    ^p0^l0^i029136
945    ^p0^l0^i029137
945    ^p0^l0^i029138
995    ทศพร
999 ^a ทศพร
รายการนี้ยังไม่มีแท็ก
คุณยังไม่ได้ล็อกอิน คุณสามารถมีกิจกรรมร่วมกับเว็บไซต์ได้ แต่ต้องล็อกอินก่อน ::
  ล็อกอิน

รายการสื่อสารสนเทศ

ลำดับที่ ประเภท เลขเรียก/บาร์โค้ด สถานที่ สถานะ
- ไม่พบข้อมูล -

BibComment


ยังไม่เคยถูกคอมเมนท์

คอมเมนท์ทรัพยากรรายการนี้
  คอมเมนท์: วิจัยชีวิตชาวประม..


 Copyright 2026. Bcnsprnw @Library